000 00298nam a22001217a 4500
008 170405b xxu||||| |||| 00| 0 eng d
041 _aeng
080 _23RD
_a616.34
100 _a9
101 _aSHM
245 _aDISEASES OF THE GASTROINTESTINAL TRACT AND LIVER
_cSHEARMAN, D.J.V
942 _2udc
_cBK
999 _c9858
_d9858